Score 0/14 Timer 03:00
1 Play Today
Hint Answer % Correct
Star Wars: Episode V - The Empire _____ BackStrikes
97.9%
Little _____ SunshineMiss
92.7%
House of the _____ SunRising
91.7%
A Star Is _____Born
91.3%
_____ Upon a StarWish
87.2%
The Sun Also _____Rises
79.1%
Eternal Sunshine of the _____ MindSpotless
73%
Hint Answer % Correct
Lone Star _____ of MindState
71.5%
Star Trek V: The Final _____Frontier
71.1%
The _____ in Our StarsFault
60.8%
Under the _____ SunTuscan
52.6%
A _____ in the SunRaisin
47%
_____ of the SunEmpire
42.5%
_____ the StarsBeyond
6.4%

Today's Daily Dose

Remove Ads.
Support Sporcle.
Get the best of Sporcle when you Go Orange. This ad-free experience offers more features, more stats, and more fun while also helping to support Sporcle. Thank you for becoming a member.

You're not logged in!

Compare scores with friends on all Sporcle quizzes.
OR
Log In

Show Comments

Extras

Top Quizzes Today


Score Distribution

Your Account Isn't Verified!

In order to create a playlist on Sporcle, you need to verify the email address you used during registration. Go to your Sporcle Settings to finish the process.

Report this User

Report this user for behavior that violates our Community Guidelines.

Details: